000 00989nam a22002297a 4500
005 20250328161252.0
008 250328b |||||||| |||| 00| 0 eng d
020 _a978-93-80044-66-8 (hbk)
037 _cTB
040 _aCRL
_cCRL
041 _2hin
_ahin
084 _aO152,3N67x Q1
_qCRL
100 _aयादव, अनिल
245 _aनगर वधुएं अखबार नहीं पढ़तीं:
_bकहानी - संग्रह
260 _aगाज़ियाबाद, भारत:
_bअंतिका प्रकाशन,
_c2011
300 _a112पृ0
365 _b200.00
_cINR
650 _aहिन्दी कहानी
650 _aहिन्दी साहित्य
942 _2CC
_cTB
_hO152,3N67x Q1
_n0
999 _c1308279
_d1308279